000
00328pab a2200145 454500
008
180718b1999 xxu||||| |||| 00| 0 eng d
100
_a
Banerjee, Shubhanker
245
_a
Literacy - the good news
260
_c
1999
300
_a
p.15-16
362
_a
Jul
650
_a
Literacy
773
_a
Social Welfare
909
_a
41567
999
_c
41567
_d
41567